Biggest city on the largest European rivers - Statistics

General Stats
  • This quiz has been taken 84 times
  • The average score is 16 of 30
Answer Stats
Length Population River City % Correct
2290 km 2.952.000 Dnieper Kiev
97%
2860 km 1.982.000 Danube Vienna
97%
776 km 2.145.000 Seine Paris
95%
1047 km 1.860.000 Vistula Warsaw
89%
1091 km 1.853.000 Elbe Hamburg
88%
815 km 522.000 Rhône Lyon
87%
1236 km 1.073.000 Rhine Cologne
86%
525 km 759.000 Main Frankfurt
86%
1038 km 545.000 Tagus Lisbon
80%
682 km 841.000 Po Turin
80%
933 km 1.197.000 Sava Belgrade
78%
602 km 498.000 Garonne Toulouse
70%
897 km 231.000 Douro Porto
68%
1020 km 620.000 Daugava Riga
68%
1012 km 320.000 Loire Nantes
66%
657 km 684.000 Guadalquivir Sevilla
63%
854 km 672.000 Oder Wroclaw
54%
960 km 681.000 Ebro Zaragoza
51%
925 km 195.000 Meuse Liège
50%
795 km 546.000 Warta Poznań
36%
546 km 120.000 Moselle Metz
30%
1352 km 133.000 Dniester Tiraspol
24%
937 km 358.000 Neman Hrodna
18%
966 km 160.000 Tisza Szeged
17%
761 km 160.000 Mureș Szeged
17%
806 km 470.000 Southern Bug Mykolaiv
11%
829 km 151.000 Guadiana Badajoz
9%
1130 km 282.000 Desna Chernihiv
8%
953 km 264.000 Prut Chernivtsi
8%
647 km 217.000 Siret Galati
5%
No matching quizzes found
Score Distribution
Percent of People with Each Score
Percentile by Number Answered
Your Score History
You have not taken this quiz